Los canceles paleocristianos de la ciudad de Roma : (Record no. 97435)

MARC details
000 -LEADER
campo de control de longitud fija 00707nam a2200217 i 4500
001 - NÚMERO DE CONTROL
campo de control 97435
003 - IDENTIFICADOR DE NÚMERO DE CONTROL
campo de control ES-MaACL
005 - FECHA Y HORA DE LA ÚLTIMA TRANSACCIÓN
campo de control 20250812040736.0
007 - CAMPO FIJO DE DESCRIPCIÓN FÍSICA--INFORMACIÓN GENERAL
campo de control de longitud fija t|
008 - DATOS DE LONGITUD FIJA--INFORMACIÓN GENERAL
campo de control de longitud fija 050712s1962 sp ||||1| spa d
080 ## - NÚMERO DE LA CLASIFICACIÓN DECIMAL UNIVERSAL
Número de la Clasificación Decimal Universal 729.313.5
100 1# - ENTRADA PRINCIPAL--NOMBRE DE PERSONA
Nombre de persona Marcos Pous, Alejandro.
9 (RLIN) 76538
245 14 - MENCIÓN DEL TÍTULO
Título Los canceles paleocristianos de la ciudad de Roma :
Resto del título tesis doctoral /
Mención de responsabilidad, etc. Alejandro Marcos Pous.
260 ## - PUBLICACIÓN, DISTRIBUCIÓN, ETC.
Lugar de publicación, distribución, etc. Madrid :
Nombre del editor, distribuidor, etc. Facultad de Filosofía y Letras,
Fecha de publicación, distribución, etc. 1962.
300 ## - DESCRIPCIÓN FÍSICA
Extensión 40 p. ;
Dimensiones 20 cm.
502 ## - NOTA DE TESIS
Nota de tesis Tesis doctoral.
650 #7 - PUNTO DE ACCESO ADICIONAL DE MATERIA--TÉRMINO DE MATERIA
Término de materia o nombre geográfico como elemento de entrada Arte paleocristiano
Fuente del encabezamiento o término embne
9 (RLIN) 145462
710 2# - ENTRADA AGREGADA--NOMBRE DE ENTIDAD CORPORATIVA
Nombre de entidad corporativa o nombre de jurisdicción como elemento de entrada Universidad de Madrid.
Unidad subordinada Facultad de Filosofía y Letras.
9 (RLIN) 7214
852 ## - LOCALIZACIÓN
Ubicación ES-MaACL
Número de control de estantería 2029-F-15
Holdings
Estatus retirado Estado de pérdida Estado de daño No para préstamo Colección Biblioteca de origen Biblioteca actual Ubicación en estantería Fecha de adquisición Fuente de adquisición Total de préstamos Signatura topográfica completa Código de barras Visto por última vez Precio de reemplazo Tipo de ítem Koha
        Colección de folletos Biblioteca del Ateneo de Madrid Biblioteca del Ateneo de Madrid Depósito folletos 17/01/2008     2029-F-15 1101717 23/02/2023 23/02/2023 Folleto